Melbourne Localities - Statistics

General Stats
  • This quiz has been taken 678 times
    612 since last reset
  • The average score is 24 of 53
Answer Stats
Locality LGA Suburb % Correct
Maribyrnong (Ascot Vale)
80%
Moonee Vale Moonee Valley Moonee Ponds
78%
Fishermans Bend Melbourne Port Melbourne
73%
Auburn Boroondara Hawthorn
71%
Boroondara Hawthorn East
71%
Tooronga Boroondara Hawthorn East
71%
Jolimont Melbourne East Melbourne
68%
Monash Glen Waverley
66%
Highvale Monash Glen Waverley
66%
Victoria Harbour Melbourne Docklands
64%
New Quay Melbourne Docklands
64%
Syndal Monash Mount Waverley
63%
Jordanville Monash Mount Waverley
63%
Royal Park Melbourne Parkville
61%
Stonnington Toorak
59%
Laburnum Whitehorse Blackburn
57%
Westall Kingston Clayton South
53%
Norwood Maroondah Ringwood
52%
Maroondah Ringwood North
52%
Westgarth Darebin Northcote
51%
Maroondah Ringwood
51%
Hawksburn Stonnington South Yarra
51%
Boroondara Canterbury
49%
Darebin Preston
48%
Regent Darebin Reservoir
48%
Stonnington Malvern
46%
Chatham Boroondara Surrey Hills
46%
Bennettswood Whitehorse Burwood
44%
Tally Ho Whitehorse Burwood East
44%
Kerrimuir Whitehorse Box Hill North
42%
Merinda Park Casey Cranbourne North
40%
Karingal Frankston Frankston
40%
Heatherdale Whitehorse Mitcham
39%
Coode Island Melbourne West Melbourne
39%
Dudley Flats Melbourne West Melbourne
39%
Willsmere Boroondara Kew
38%
Half Moon Bay Bayside Black Rock
37%
Sanctuary Lakes Wyndham Point Cook
37%
Featherbrook Wyndham Point Cook
37%
Greythorn Boroondara North Balwyn
36%
Hotham Hill Melbourne North Melbourne
34%
Melbourne North Melbourne
34%
Monash Chadstone
28%
Mont Park Darebin Bundoora
25%
Darebin Macleod
23%
Whittlesea Epping
22%
Hobsons Bay Seabrook
21%
Solomon Heights Brimbank Sunshine North
19%
Glengala Brimbank Sunshine West
19%
Moreland Brunswick West
18%
Aurora Whittlesea Wollert
18%
Apollo Parkways Nillumbik Greensborough
17%
Serpell Manningham Templestowe
17%
No matching quizzes found
Score Distribution
Percent of People with Each Score
Percentile by Number Answered
Your Score History
You have not taken this quiz since the last reset